Anime Protagonists - Statistics

General Stats
  • This quiz has been taken 223 times
  • The average score is 7 of 20
Answer Stats
Protagonist Answer % Correct
Monkey D Luffy One Piece
98%
Edward Elric Fullmetal Alchemist
88%
Ciel Phantomhive Black Butler
60%
Spike Spiegel Cowboy Bebop
56%
Shinji Ikari Neon Genesis Evangelion
41%
Maka Albarn Soul Eater
37%
Vash The Stampede Trigun
32%
Ryuko Matoi Kill la Kill
29%
Kazuma Sato KonoSuba: God’s Blessing on this Wonderful World!
29%
Usagi Tsukino Sailor Moon
28%
Yusuke Urameshi Yu Yu Hakusho
26%
Bell Cranel Is It Wrong to Try to Pick Up Girls in a Dungeon?
25%
Kōsei Arima Your Lie In April
25%
Simon Tengen Toppa Gurren Lagann
24%
Yuzuru Otonashi Angel Beats!
19%
Sakura Kinomoto Cardcaptor Sakura
15%
Ginko Mushishi
7%
Firo Prochainezo Baccano!
5%
Yuko Aioi Nichijou
5%
Chise Hatori The Ancient Magus' Bride
4%
No matching quizzes found
Score Distribution
Percent of People with Each Score
Percentile by Number Answered
Your Score History
You have not taken this quiz